000 00334nam a2200133Ia 4500
008 240624s9999 xx 000 0 und d
041 _aeng
082 _a658.4012 THO
100 _aTHOMSON NEIL
245 _aBASIC STRATEGY IN CONTEXT EUROPEAN TEXT
260 _c2010
_aSussex
_bWiley-Blackwell
300 _a422 : p.
365 _c
_b30
999 _c20559
_d20559